[Event "DEN-ch Seniors"]
[Site "Aalborg"]
[Date "2023.02.19"]
[Round "6"]
[White "Hein, Jacob"]
[Black "Gronhoj, Benny"]
[Result "0-1"]
[WhiteElo "1518"]
[BlackElo "1985"]
[PlyCount "94"]
[EventDate "2023.02.19"]
[EventType "swiss"]
[EventRounds "7"]
[EventCountry "DEN"]
[SourceTitle "CBM 213 Extra"]
[Source "ChessBase"]
[SourceDate "2023.05.31"]
[SourceVersion "1"]
[SourceVersionDate "2023.05.31"]
[SourceQuality "1"]

1. e4 d5 2. exd5 Qxd5 3. Nc3 Qa5 4. Bc4 Nf6 5. Nf3 Bf5 6. d3 c6 7. Bd2 Qc7 8. Bg5 Nbd7 9. Bh4 e6 10. Qe2 Bd6 11. Bg3 Bxg3 12. hxg3 Bg4 13. Qe3 h6 14. Rh4 Bxf3 15. gxf3 Nb6 16. 0-0-0 0-0-0 17. Bb3 g5 18. Rd4 Nfd5 19. Qd2 e5 20. Re4 Nf6 21. Re2 Rhf8 22. Kb1 Nfd7 23. Ne4 f5 24. Nc3 Nc5 25. Rh1 Nxb3 26. axb3 Rf6 27. Rhe1 Nd7 28. f4 exf4 29. Re7 fxg3 30. fxg3 Qxg3 31. Rh7 f4 32. Ree7 g4 33. Ne4 Qg1+ 34. Ka2 Qd4 35. Nxf6 Qxf6 36. Qa5 Qd4 37. Qf5 g3 38. c3 Qd6 39. Re6 Qd5 40. Re5 Qxe5 41. Qh3 f3 42. Rxh6 g2 43. Rg6 Qe2 44. Re6 Qxd3 45. Qh2 Qa6+ 46. Kb1 Qf1+ 47. Ka2 g1Q 0-1

[Event "DEN-ch Seniors 65"]
[Site "Aalborg"]
[Date "2022.02.23"]
[Round "4"]
[White "Gronhoj, Benny"]
[Black "Skovgaard, Tom"]
[Result "0-1"]
[WhiteElo "1877"]
[BlackElo "1936"]
[PlyCount "108"]
[EventDate "2022.02.20"]
[EventType "swiss"]
[EventRounds "7"]
[EventCountry "DEN"]
[SourceTitle "EXT 2024"]
[Source "ChessBase"]
[SourceDate "2023.10.10"]
[SourceVersion "1"]
[SourceVersionDate "2023.10.10"]
[SourceQuality "1"]

1. b3 e5 2. Bb2 Nc6 3. e3 Nf6 4. Nf3 e4 5. Nd4 Nxd4 6. exd4 d5 7. d3 Bf5 8. dxe4 Nxe4 9. Bd3 Bd6 10. 0-0 0-0 11. Nd2 Nxd2 12. Qxd2 Bxd3 13. Qxd3 Qd7 14. c4 c6 15. c5 Bc7 16. Bc3 Rfe8 17. Rae1 Rxe1 18. Rxe1 Re8 19. Rxe8+ Qxe8 20. g3 g6 21. a4 Qe6 22. b4 a6 23. Bd2 Bd8 24. Kg2 Bf6 25. Be3 Bg7 26. Bf4 h5 27. Qe3 Qxe3 28. fxe3 f5 29. Kf3 Kf7 30. h3 Ke6 31. Bg5 Bf8 32. g4 hxg4+ 33. hxg4 Bg7 34. Kf4 fxg4 35. Kxg4 Bf8 36. Bf4 Kf7 37. Be5 Bh6 38. Bf4 Bf8 39. Kf3 Ke6 40. e4 dxe4+ 41. Kxe4 Be7 42. Bh6 Bh4 43. Bg7 Be1 44. b5 axb5 45. axb5 cxb5 46. d5+ Kd7 47. Bf6 Bf2 48. c6+ bxc6 49. dxc6+ Kxc6 50. Bg5 Kc5 51. Kd3 Kd5 52. Ke2 Bc5 53. Kf3 b4 54. Kg4 Ke6 0-1

[Event "DEN-ch Seniors 65"]
[Site "Aalborg"]
[Date "2022.02.22"]
[Round "3"]
[White "Pedersen, Karsten Nymann"]
[Black "Gronhoj, Benny"]
[Result "0-1"]
[WhiteElo "2073"]
[BlackElo "1877"]
[PlyCount "82"]
[EventDate "2022.02.20"]
[EventType "swiss"]
[EventRounds "7"]
[EventCountry "DEN"]
[SourceTitle "EXT 2024"]
[Source "ChessBase"]
[SourceDate "2023.10.10"]
[SourceVersion "1"]
[SourceVersionDate "2023.10.10"]
[SourceQuality "1"]

1. d4 f5 2. g3 Nf6 3. Bg2 e6 4. c4 Bb4+ 5. Bd2 Qe7 6. Nf3 Ne4 7. 0-0 Nxd2 8. Nfxd2 Qf6 9. Nb3 Be7 10. Nc3 c6 11. e4 d6 12. f4 fxe4 13. Nxe4 Qh6 14. Nf2 0-0 15. Qe2 g6 16. Rad1 Qg7 17. Bh3 Na6 18. Bxe6+ Bxe6 19. Qxe6+ Kh8 20. Rfe1 Rae8 21. Qd7 Nb8 22. Qe6 Qf6 23. Ng4 Qxe6 24. Rxe6 h5 25. Nf2 Kg7 26. Rde1 Kf7 27. Nd3 Nd7 28. Nd2 Bf6 29. Rxd6 Rxe1+ 30. Nxe1 Nb6 31. f5 gxf5 32. Nef3 Ke7 33. c5 Nc8 34. Nc4 Nxd6 35. Nxd6 Ke6 36. Kf2 b6 37. Ke3 bxc5 38. dxc5 Bxb2 39. Ne1 f4+ 40. Ke4 fxg3 41. hxg3 Be5 0-1

[Event "DEN-ch Seniors 50+"]
[Site "Odder"]
[Date "2019.02.17"]
[Round "7"]
[White "Gronhoj, Benny"]
[Black "Munch, Anders"]
[Result "1-0"]
[WhiteElo "1984"]
[BlackElo "2014"]
[PlyCount "69"]
[EventDate "2019.02.11"]
[EventType "swiss"]
[EventRounds "7"]
[EventCountry "DEN"]
[SourceTitle "CBM 189 Extra"]
[Source "ChessBase"]
[SourceDate "2019.06.03"]
[SourceVersion "1"]
[SourceVersionDate "2019.06.03"]
[SourceQuality "1"]

1. b3 d5 2. Bb2 Nf6 3. e3 Bf5 4. Nf3 Nbd7 5. c4 e6 6. Nc3 c6 7. Rc1 Bd6 8. Be2 h6 9. d4 g5 10. Bd3 g4 11. Nh4 Bxd3 12. Qxd3 Ne4 13. g3 Nxc3 14. Bxc3 Nf6 15. 0-0 Ne4 16. Be1 h5 17. b4 Ng5 18. b5 Nf3+ 19. Nxf3 gxf3 20. e4 h4 21. cxd5 Qg5 22. Rc2 Qh5 23. e5 Bc7 24. bxc6 bxc6 25. dxe6 fxe6 26. Qc4 Kf7 27. Qxc6 Qf5 28. Qd7+ Kg6 29. Rxc7 Raf8 30. Rc6 Re8 31. d5 hxg3 32. fxg3 Qe4 33. Rxe6+ Rxe6 34. Qxe6+ Kh5 35. Qh3+ 1-0

[Event "DEN-ch Seniors 50+"]
[Site "Odder"]
[Date "2019.02.15"]
[Round "5"]
[White "Gronhoj, Benny"]
[Black "Lilja, Richard"]
[Result "1-0"]
[WhiteElo "1984"]
[BlackElo "2138"]
[PlyCount "69"]
[EventDate "2019.02.11"]
[EventType "swiss"]
[EventRounds "7"]
[EventCountry "DEN"]
[SourceTitle "CBM 189 Extra"]
[Source "ChessBase"]
[SourceDate "2019.06.03"]
[SourceVersion "1"]
[SourceVersionDate "2019.06.03"]
[SourceQuality "1"]

1. b3 Nf6 2. Bb2 g6 3. e3 Bg7 4. Nf3 0-0 5. Be2 d6 6. 0-0 Nbd7 7. c4 Re8 8. Nc3 e5 9. d4 e4 10. Nd2 Nf8 11. Qc2 Bf5 12. h3 h5 13. Rac1 h4 14. b4 N8h7 15. Rfd1 Ng5 16. d5 Nd7 17. Nb3 Ne5 18. Nd4 Nef3+ 19. Bxf3 Nxf3+ 20. gxf3 Bxd4 21. fxe4 Bxh3 22. Kh2 Be5+ 23. f4 Qg5 24. Rg1 Bxf4+ 25. exf4 Qxf4+ 26. Kxh3 f5 27. Rxg6+ Kf7 28. Rg7+ Kf8 29. Qg2 Qe3+ 30. Kh2 h3 31. Rg8+ Ke7 32. Qg7+ Kd8 33. Qf6+ Kd7 34. Qf7+ Kd8 35. Rxe8# 1-0

[Event "DEN-ch Seniors 50+"]
[Site "Odder"]
[Date "2019.02.11"]
[Round "1"]
[White "Gronhoj, Benny"]
[Black "Rewitz, Poul"]
[Result "0-1"]
[WhiteElo "1984"]
[BlackElo "2227"]
[PlyCount "70"]
[EventDate "2019.02.11"]
[EventType "swiss"]
[EventRounds "7"]
[EventCountry "DEN"]
[SourceTitle "CBM 189 Extra"]
[Source "ChessBase"]
[SourceDate "2019.06.03"]
[SourceVersion "1"]
[SourceVersionDate "2019.06.03"]
[SourceQuality "1"]

1. b3 e5 2. Bb2 Nc6 3. e3 Nf6 4. Nf3 d6 5. d4 exd4 6. Nxd4 g6 7. Nxc6 bxc6 8. Qf3 Bg7 9. Qxc6+ Bd7 10. Qf3 0-0 11. Nc3 Bg4 12. Qc6 Rb8 13. Be2 Rb6 14. Qc4 d5 15. Qd3 Bf5 16. Qd2 Ne4 17. Nxe4 Bxb2 18. Rb1 Bxe4 19. Rxb2 Bxg2 20. Rg1 Be4 21. Bd3 Qf6 22. Rb1 Rd8 23. Rg4 Rbd6 24. h4 Re8 25. Qa5 Qf3 26. Rf4 Qh1+ 27. Bf1 Rc6 28. Rc1 d4 29. Kd2 dxe3+ 30. fxe3 Qh2+ 31. Ke1 Qg3+ 32. Kd2 Rd6+ 33. Bd3 Bxd3 34. Qxa7 Bf5+ 35. Ke2 Qxf4 0-1

[Event "Aalborg Larsen Memorial"]
[Site "Aalborg"]
[Date "2018.10.16"]
[Round "4"]
[White "Gronhoj, Benny"]
[Black "Pedersen, Svend"]
[Result "0-1"]
[WhiteElo "2000"]
[BlackElo "2194"]
[PlyCount "48"]
[EventDate "2018.10.13"]
[EventType "swiss"]
[EventRounds "7"]
[EventCountry "DEN"]
[SourceTitle "CBM 186 Extra"]
[Source "ChessBase"]
[SourceDate "2018.08.24"]
[SourceVersion "1"]
[SourceVersionDate "2018.08.24"]
[SourceQuality "1"]

1. b3 e5 2. Bb2 d6 3. e3 Nc6 4. d4 g6 5. d5 Nce7 6. e4 f5 7. Nd2 Nf6 8. exf5 Bxf5 9. c4 Bg7 10. Ngf3 0-0 11. Be2 h6 12. 0-0 g5 13. Re1 Ng6 14. Nf1 Nf4 15. Ng3 Qd7 16. Bf1 Bg4 17. h3 Bxf3 18. Qxf3 g4 19. hxg4 Nxg4 20. Nh1 e4 21. Rxe4 Bxb2 22. Rae1 Be5 23. Qd1 Qf5 24. f3 Qh5 0-1

[Event "Aalborg Larsen Memorial"]
[Site "Aalborg"]
[Date "2018.10.14"]
[Round "2"]
[White "Gronhoj, Benny"]
[Black "Wahlbom, Magnus"]
[Result "0-1"]
[WhiteElo "2000"]
[BlackElo "2159"]
[PlyCount "72"]
[EventDate "2018.10.13"]
[EventType "swiss"]
[EventRounds "7"]
[EventCountry "DEN"]
[SourceTitle "CBM 186 Extra"]
[Source "ChessBase"]
[SourceDate "2018.08.24"]
[SourceVersion "1"]
[SourceVersionDate "2018.08.24"]
[SourceQuality "1"]

1. e4 c5 2. Nf3 d6 3. d4 cxd4 4. Nxd4 Nf6 5. Nc3 a6 6. Be2 e5 7. Nb3 Be7 8. Be3 Be6 9. Nd5 Nxd5 10. exd5 Bf5 11. 0-0 Nd7 12. c4 Bg6 13. f4 exf4 14. Bxf4 0-0 15. Bd3 Qb6+ 16. Kh1 Bf6 17. Bxg6 hxg6 18. Qd2 Rfe8 19. Rae1 Rac8 20. Qd3 Bxb2 21. Qh3 Qc7 22. Rb1 Be5 23. Be3 Nb6 24. Nd2 Nxc4 25. Nxc4 Qxc4 26. Rbc1 Qb5 27. Rb1 Qxd5 28. Rfd1 Qe4 29. Bg1 b5 30. Rbc1 Qb7 31. Qb3 Rxc1 32. Rxc1 Rc8 33. Rf1 Rc3 34. Qd1 Qe4 35. Qd2 Rc2 36. Qg5 f6 0-1

[Event "DEN-ch Seniors 50"]
[Site "Randers"]
[Date "2015.02.12"]
[Round "6"]
[White "Gronhoj, Benny"]
[Black "Henninger, Holger"]
[Result "1-0"]
[WhiteElo "2021"]
[BlackElo "1761"]
[PlyCount "73"]
[EventDate "2015.02.07"]
[EventType "swiss"]
[EventRounds "7"]
[EventCountry "DEN"]
[SourceTitle "EXT 2016"]
[Source "ChessBase"]
[SourceDate "2015.10.08"]
[SourceVersion "1"]
[SourceVersionDate "2015.10.08"]
[SourceQuality "1"]

1. e4 e5 2. Nf3 Nc6 3. d4 exd4 4. Nxd4 Nf6 5. Nc3 Bb4 6. Nxc6 Bxc3+ 7. bxc3 bxc6 8. Bg5 h6 9. Bh4 Qe7 10. Bd3 g5 11. Bg3 Nxe4 12. 0-0 d5 13. Re1 Kf8 14. Bxe4 dxe4 15. Qd4 Rg8 16. Rxe4 Be6 17. Rb1 f5 18. Bxc7 Kf7 19. Bd6 Qd7 20. Re2 Rad8 21. Rd2 Bd5 22. Bc5 Rge8 23. Bxa7 Re4 24. Qc5 Rde8 25. Rdd1 R8e7 26. c4 Qe6 27. Qa5 Rxc4 28. Bc5 Rd7 29. Bd4 g4 30. Re1 Be4 31. c3 Qd6 32. Rxe4 fxe4 33. Qf5+ Ke8 34. Qxe4+ Qe7 35. Qg6+ Qf7 36. Rb8+ Ke7 37. Qe4+ 1-0

[Event "DEN-ch MA7 Gr3"]
[Site "Koge"]
[Date "2004.04.12"]
[Round "7"]
[White "Nielsen, Thomas"]
[Black "Gronhoj, Benny"]
[Result "1/2-1/2"]
[WhiteElo "1889"]
[BlackElo "1976"]
[PlyCount "126"]
[EventDate "2004.04.06"]
[EventType "tourn"]
[EventRounds "7"]
[EventCountry "DEN"]
[SourceTitle "EXT 2023"]
[Source "ChessBase"]
[SourceDate "2022.10.05"]
[SourceVersion "1"]
[SourceVersionDate "2022.10.05"]
[SourceQuality "1"]

1. d4 f5 2. c4 Nf6 3. Nc3 e6 4. Nf3 Bb4 5. Qb3 a5 6. Bg5 0-0 7. g3 Qe8 8. Bf4 d6 9. Bg2 Ne4 10. 0-0 Bxc3 11. bxc3 Nc6 12. Nd2 Nxd2 13. Bxd2 Nd8 14. f4 Bd7 15. e4 Bc6 16. d5 Ba4 17. Qb2 Bd7 18. Rae1 Qg6 19. exf5 exf5 20. Re7 Rf7 21. Rfe1 b6 22. Rxf7 Qxf7 23. Be3 Nb7 24. Bd4 Re8 25. Qd2 Rxe1+ 26. Qxe1 Qe8 27. Qd1 Ba4 28. Qd2 Nc5 29. Bf3 Ne4 30. Qe2 Nc5 31. Qd2 Qe7 32. Kg2 Be8 33. h3 Bg6 34. Qd1 Qe8 35. Qd2 Bh5 36. Bxh5 Qxh5 37. Bxc5 bxc5 38. Qe1 Qf7 39. Qb1 h6 40. Qb8+ Kh7 41. Qd8 a4 42. Qc8 a3 43. Kf2 Qh5 44. h4 Qf7 45. Qa8 Qe7 46. Qxa3 Qe4 47. Qb3 Qd3 48. a4 Qd2+ 49. Kf3 Qe1 50. Qc2 Qh1+ 51. Ke3 g6 52. Qe2 Kg7 53. Kd2 Kf8 54. Qe6 Qg2+ 55. Kc1 Qxg3 56. Qc8+ Ke7 57. Qxc7+ Ke8 58. Qc8+ Kf7 59. Qe6+ Kg7 60. Qe7+ Kg8 61. Qe8+ Kg7 62. Qe7+ Kg8 63. Qe8+ Kg7 1/2-1/2

[Event "DEN-ch MA7 Gr3"]
[Site "Koge"]
[Date "2004.04.10"]
[Round "5"]
[White "Gronhoj, Benny"]
[Black "Christiansen, Erling"]
[Result "0-1"]
[WhiteElo "1976"]
[BlackElo "1893"]
[PlyCount "205"]
[EventDate "2004.04.06"]
[EventType "tourn"]
[EventRounds "7"]
[EventCountry "DEN"]
[SourceTitle "EXT 2023"]
[Source "ChessBase"]
[SourceDate "2022.10.05"]
[SourceVersion "1"]
[SourceVersionDate "2022.10.05"]
[SourceQuality "1"]

1. e4 e5 2. Nf3 Nc6 3. Bb5 Nd4 4. Nxd4 exd4 5. 0-0 Bc5 6. Be2 Ne7 7. d3 0-0 8. Nd2 d6 9. f4 f5 10. Nf3 fxe4 11. dxe4 d3+ 12. Kh1 dxe2 13. Qxe2 Kh8 14. Qc4 Qe8 15. b4 Bb6 16. Bb2 Rxf4 17. Ng5 d5 18. Qd3 Ng6 19. Qxd5 h6 20. Nf3 c6 21. Qh5 Kg8 22. Ne5 Rxf1+ 23. Rxf1 Kh7 24. Rf7 Qe6 25. Nf3 Qxf7 26. Ng5+ Kg8 27. Nxf7 Kxf7 28. Qf3+ Ke8 29. Bxg7 Be6 30. Bf6 Bd8 31. e5 Bxf6 32. Qxf6 Nf8 33. Qxh6 Rd8 34. h4 Bxa2 35. Kh2 Rd7 36. Qf4 Rf7 37. Qd4 a6 38. c4 Ne6 39. Qd3 Rf4 40. Qg6+ Ke7 41. g3 Rxc4 42. Qf6+ Kd7 43. Qf7+ Kd8 44. Qxb7 Rc2+ 45. Kh3 Bc4 46. Qb8+ Ke7 47. Qd6+ Kf7 48. Qd1 Rf2 49. g4 Bd5 50. g5 Rf3+ 51. Kg4 Rf4+ 52. Kg3 Kg6 53. Qd3+ Be4 54. Qxa6 Rf3+ 55. Kh2 Rf2+ 56. Kg1 Rg2+ 57. Kf1 Nf4 58. Qc8 Bd3+ 59. Ke1 Bb5 60. Qe8+ Kf5 61. Qd7+ Kxe5 62. Qe7+ Kf5 63. Kd1 Kg4 64. Qe4 Be2+ 65. Kc1 Bf3 66. Qd4 Kf5 67. Qf6+ Kg4 68. g6 Ne2+ 69. Kb2 Nf4+ 70. Ka1 Rg1+ 71. Ka2 Rg2+ 72. Kb3 Bd1+ 73. Ka3 Rg3+ 74. Ka2 Rg2+ 75. Ka1 Bb3 76. g7 Bd5 77. Qd4 Kf5 78. Qe3 Rxg7 79. Qd4 Rh7 80. Qf2 Kg4 81. Qg1+ Kxh4 82. Qh2+ Nh3 83. Qc2 Rg7 84. Qf5 Rg4 85. b5 Ra4+ 86. Kb2 Rb4+ 87. Kc3 Rxb5 88. Qf1 Ng5 89. Qf2+ Kh5 90. Qh2+ Kg6 91. Qd6+ Kg7 92. Qe7+ Nf7 93. Qh4 Rb3+ 94. Kd2 Rf3 95. Ke2 Rf5 96. Qg4+ Kf6 97. Qh4+ Ke5 98. Qh8+ Ke4 99. Qe8+ Kd4 100. Qh8+ Kc4 101. Qb8 Bf3+ 102. Kd2 Rd5+ 103. Kc2 0-1